000 00527nam a22001817a 4500
999 _c2528
_d2528
003 OSt
005 20181015223606.0
008 181015b ||||| |||| 00| 0 eng d
040 _cDLC
082 _a253
_bR323W
100 _aReed, W.E
245 _a Winning others to Christ :
_ba study for personal workers /
_cBy W.E. Reed.
260 _aIndiana :
_bThe Gospel Trumpet Company,
_cc1953.
300 _a96 p.:
630 _aEvangelistic work
650 _aEvangelistic methods of Jesus Christ
_xJesus Christ
942 _2ddc
_cBK